COMPARATIVE EVALUATION OF GLIDE PATH PREPARATION BY ROTARY AND RECIPROCATING MOTION IN MESIAL ROOTS OF MANDIBULAR MOLARS BY 3- DIMENSIONAL RADIOGRAPHIC SCAN AN IN VITRO STUDY (Record no. 21160)
[ view plain ]
| 000 -LEADER | |
|---|---|
| fixed length control field | 00434nam a22001337a 4500 |
| 003 - CONTROL NUMBER IDENTIFIER | |
| control field | SGT |
| 082 ## - DEWEY DECIMAL CLASSIFICATION NUMBER | |
| Classification number | 617.6342 |
| Item number | C21S |
| 100 ## - MAIN ENTRY--PERSONAL NAME | |
| Personal name | SINHA,SRISTI |
| 245 ## - TITLE STATEMENT | |
| Title | COMPARATIVE EVALUATION OF GLIDE PATH PREPARATION BY ROTARY AND RECIPROCATING MOTION IN MESIAL ROOTS OF MANDIBULAR MOLARS BY 3- DIMENSIONAL RADIOGRAPHIC SCAN AN IN VITRO STUDY |
| 260 ## - PUBLICATION, DISTRIBUTION, ETC. (IMPRINT) | |
| Place of publication, distribution, etc | SGTU |
| Year of Publication | 2021 |
| 300 ## - PAGE DESCRIPTION | |
| No. of Pages | 90 |
| 650 ## - SUBJECT ADDED ENTRY--TOPICAL TERM | |
| Topical term or geographic name as entry element | CONSERVATIVE DENTISTRY |
| 942 ## - ADDED ENTRY ELEMENTS (KOHA) | |
| Source of classification or shelving scheme | Dewey Decimal Classification |
| Koha item type | Thesis/Dissertation |
| Withdrawn status | Lost status | Source of classification or shelving scheme | Damaged status | Not for loan | Home library | Current library | Shelving location | Date acquired | SGTU | Total Checkouts | Full call number | Accession No. (Barcode) | Date last seen | Bill Date | Koha item type |
|---|---|---|---|---|---|---|---|---|---|---|---|---|---|---|---|
| Dewey Decimal Classification | SGT Dental Library | SGT Dental Library | Reference Book | 06/05/2021 | SGTU | 617.6342 C21S | DT1136 | 06/05/2021 | 06/05/2021 | Thesis/Dissertation |